000 00468nam a2200145Ia 4500
008 090124s9999 xx 000 0 und d
082 _b133796
_a102985
245 _a न परतीच्या वाटेवरुन
250 _a1
260 _bओक सुनेत्रा.
_c2005
300 _a160
630 _a न परतीच्या वाटेवरुन
730 _a न परतीच्या वाटेवरुन
942 _cBOOK
999 _c180107
_d180107